00546nam a22002057a 4500003000500000005001700005008004100022010001000063011001000073035001000083040000900093082001500102100002600117245005500143260004600198300001100244500003500255650003400290700001600324CHAP20220329141234.0971010c19771966 r 00010 d a64938 a65910 a73468 cCHAP a636.4bJ8Y00aJuergenson, Elwood M. aPrácticas aprobadas para la producción porcina aMéxico, D.F. :bHerrero,c1977 [c.1966] a330 p. aBasado en la obra de G.C. Cook14aGanado porcinoxProducción.0 aCook, G. C.